SUCH A LONG JOURNEY (Record no. 373857)

MARC details
000 -LEADER
fixed length control field 00355nam a2200145Ia 4500
008 - FIXED-LENGTH DATA ELEMENTS--GENERAL INFORMATION
fixed length control field 100122s9999 xx 000 0 und d
082 ## - DEWEY DECIMAL CLASSIFICATION NUMBER
Item number 45772
Classification number 823
100 ## - MAIN ENTRY--PERSONAL NAME
Personal name MISTRY ROHINTON
245 ## - TITLE STATEMENT
Title SUCH A LONG JOURNEY
260 ## - PUBLICATION, DISTRIBUTION, ETC. (IMPRINT)
Name of publisher, distributor, etc RUPA & COMPANY
Date of publication, distribution, etc 1991
300 ## - PHYSICAL DESCRIPTION
Extent 339
630 ## - SUBJECT ADDED ENTRY--UNIFORM TITLE
Uniform title SUCH A LONG JOURNEY
730 ## - ADDED ENTRY--UNIFORM TITLE
Uniform title SUCH A LONG JOURNEY
942 ## - ADDED ENTRY ELEMENTS (KOHA)
Koha item type Book
Holdings
Withdrawn status Lost status Damaged status Not for loan Home library Current library Date acquired Cost, normal purchase price Total Checkouts Full call number Barcode Date last seen Cost, replacement price Price effective from Koha item type Public note
        S.V. Pathak Library, Vile Parle S.V. Pathak Library, Vile Parle 10/19/1991 50.00   45772 SVPPARLE-45772 01/25/2010 50.00 01/25/2010 Book ", , General, NA"